<?xml version="1.0" encoding="UTF-8"?>
<record
    xmlns:xsi="http://www.w3.org/2001/XMLSchema-instance"
    xsi:schemaLocation="http://www.loc.gov/MARC21/slim http://www.loc.gov/standards/marcxml/schema/MARC21slim.xsd"
    xmlns="http://www.loc.gov/MARC21/slim">

  <leader>04564nam a2200541Ia 4500</leader>
  <controlfield tag="001">620</controlfield>
  <controlfield tag="008">241029s9999    xx            000 0 und d</controlfield>
  <datafield tag="010" ind1=" " ind2=" ">
    <subfield code="a">562</subfield>
  </datafield>
  <datafield tag="041" ind1=" " ind2=" ">
    <subfield code="a">Espa&#xF1;ol</subfield>
  </datafield>
  <datafield tag="082" ind1=" " ind2=" ">
    <subfield code="a">FCE UPG 012 2013  </subfield>
  </datafield>
  <datafield tag="245" ind1=" " ind2="0">
    <subfield code="a">Problemas y perspectivas de los egresados de la Educaci&#xF3;n Media de la Provincia Valverde ante la escogencia de Carreras Universitarias, 2004-2005</subfield>
  </datafield>
  <datafield tag="260" ind1=" " ind2=" ">
    <subfield code="a">Valverde</subfield>
  </datafield>
  <datafield tag="300" ind1=" " ind2=" ">
    <subfield code="a">62</subfield>
  </datafield>
  <datafield tag="520" ind1=" " ind2=" ">
    <subfield code="a">36</subfield>
  </datafield>
  <datafield tag="630" ind1=" " ind2=" ">
    <subfield code="a">Educaci&#xF3;n Superior</subfield>
  </datafield>
  <datafield tag="630" ind1=" " ind2=" ">
    <subfield code="a">Egresados</subfield>
  </datafield>
  <datafield tag="650" ind1=" " ind2=" ">
    <subfield code="a">Ense&#xF1;anza</subfield>
  </datafield>
  <datafield tag="690" ind1=" " ind2=" ">
    <subfield code="a">Sintetizado</subfield>
  </datafield>
  <datafield tag="700" ind1=" " ind2=" ">
    <subfield code="e">asesor</subfield>
    <subfield code="a">D&#xE2;&#x20AC;&#x2122;Oleo, Frank</subfield>
  </datafield>
  <datafield tag="700" ind1=" " ind2=" ">
    <subfield code="e">autor</subfield>
    <subfield code="a">Rodr&#xED;guez de la Cruz , Dionisio Antonio </subfield>
  </datafield>
  <datafield tag="700" ind1=" " ind2=" ">
    <subfield code="e">autor</subfield>
    <subfield code="a">Liz Almonte, Mario de Jes&#xFA;s </subfield>
  </datafield>
  <datafield tag="901" ind1=" " ind2=" ">
    <subfield code="a">{"1":"Rodr&#xED;guez de la Cruz ","2":"Liz Almonte"}</subfield>
    <subfield code="b">{"1":"Dionisio Antonio ","2":"Mario de Jes&#xFA;s "}</subfield>
  </datafield>
  <datafield tag="902" ind1=" " ind2=" ">
    <subfield code="a">1</subfield>
  </datafield>
  <datafield tag="903" ind1=" " ind2=" ">
    <subfield code="a">{"1":"D&#xE2;&#x20AC;&#x2122;Oleo"}</subfield>
    <subfield code="b">{"1":"Frank"}</subfield>
  </datafield>
  <datafield tag="904" ind1=" " ind2=" ">
    <subfield code="a">Maestr&#xED;a en</subfield>
  </datafield>
  <datafield tag="905" ind1=" " ind2=" ">
    <subfield code="a">Ense&#xF1;anza Superior</subfield>
  </datafield>
  <datafield tag="906" ind1=" " ind2=" ">
    <subfield code="a">2</subfield>
  </datafield>
  <datafield tag="907" ind1=" " ind2=" ">
    <subfield code="a">NO APLICA</subfield>
  </datafield>
  <datafield tag="908" ind1=" " ind2=" ">
    <subfield code="a">NO APLICA</subfield>
  </datafield>
  <datafield tag="909" ind1=" " ind2=" ">
    <subfield code="a">Universidad Aut&#xF3;noma de Santo Domingo (UASD)</subfield>
  </datafield>
  <datafield tag="910" ind1=" " ind2=" ">
    <subfield code="a">NULL</subfield>
    <subfield code="b">NULL</subfield>
  </datafield>
  <datafield tag="911" ind1=" " ind2=" ">
    <subfield code="a">["1"]</subfield>
  </datafield>
  <datafield tag="912" ind1=" " ind2=" ">
    <subfield code="a">NO APLICA</subfield>
  </datafield>
  <datafield tag="913" ind1=" " ind2=" ">
    <subfield code="a">NULL</subfield>
  </datafield>
  <datafield tag="914" ind1=" " ind2=" ">
    <subfield code="a">03 de Mayo de 2010</subfield>
  </datafield>
  <datafield tag="915" ind1=" " ind2=" ">
    <subfield code="a">21/07/15 12:07</subfield>
  </datafield>
  <datafield tag="916" ind1=" " ind2=" ">
    <subfield code="a">NULL</subfield>
  </datafield>
  <datafield tag="917" ind1=" " ind2=" ">
    <subfield code="a">NULL</subfield>
  </datafield>
  <datafield tag="918" ind1=" " ind2=" ">
    <subfield code="a">NO APLICA</subfield>
  </datafield>
  <datafield tag="919" ind1=" " ind2=" ">
    <subfield code="a">["83","85"]</subfield>
  </datafield>
  <datafield tag="520" ind1=" " ind2=" ">
    <subfield code="a">Normal  0      21      false  false  false    ES  X-NONE  X-NONE                                       MicrosoftInternetExplorer4                                     El objetivo general fue identificar los problemas y perspectivas de los egresados de la Educaci&#xF3;n Media de la Provincia Valverde ante la escogencia de carreras universitarias. La evaluaci&#xF3;n de la eficacia del rol de la orientaci&#xF3;n vocacional conduce a una identificaci&#xF3;n&#xA0; de las caracter&#xED;sticas funcionales de dicho rol, por lo que m&#xE1;s que un tratamiento normado por los presupuestos te&#xF3;ricos,&#xA0;&#xE9;sta se desarroll&#xF3;&#xA0;en el plano de la emp&#xED;rea, teniendo de&#xA0;colof&#xF3;n un paradigma necesariamente positivista. &#xA0;&#xA0;La ausencia de documentaci&#xF3;n sobre el objeto de estudio, la tipific&#xF3; como investigaci&#xF3;n exploratoria, sin dejar los procesos descriptivos de las variables investigadas. Las t&#xE9;cnicas requeridas incluyeron la encuesta, la entrevista, el an&#xE1;lisis documental con sus respectivos instrumentos: gu&#xED;a de encuestas, gu&#xED;a de entrevistas y ficha de an&#xE1;lisis documental. Para determinar la confiabilidad de los instrumentos se realizaron tres pruebas, que establecieron las informaciones que se pretend&#xED;an obtener, de igual modo se realiz&#xF3; un cruce para determinar si los indicadores identificados estaban contenidos en la cantidad de preguntas que establecieron su validez y que se gener&#xF3; la informaci&#xF3;n necesaria. La no manipulaci&#xF3;n de las variables de estudio, supone una acci&#xF3;n investigativa no intrusiva que oblig&#xF3;&#xA0;la formulaci&#xF3;n de un dise&#xF1;o no experimental para la realizaci&#xF3;n de la investigaci&#xF3;n.Se destac&#xF3;&#xA0;la confiabilidad de los instrumentos, establecidos a partir de aplicaciones piloto llevadas a cabo con el prop&#xF3;sito de mantener los mismos valores&#xA0;al realizar las aplicaciones de las pruebas. Se procedi&#xF3; a una revisi&#xF3;n rigurosa tanto de las variables como de los &#xED;tems, provenientes de&#xA0;&#xE9;stas, quedando la constancia en el equipo de&#xA0;investigaci&#xF3;n de la existencia de dos instrumentos de encuesta, conteniendo 25 preguntas cada uno, aplicados a una muestra de 352 estudiantes de la educaci&#xF3;n media.                                                                                                                                                                                                                                                                                    st1:*{behavior:url(#ieooui) } /* Style Definitions */ table.MsoNormalTable{mso-style-name:"Tabla normal";mso-tstyle-rowband-size:0;mso-tstyle-colband-size:0;mso-style-noshow:yes;mso-style-priority:99;mso-style-qformat:yes;mso-style-parent:";mso-padding-alt:0cm 5.4pt 0cm 5.4pt;mso-para-margin:0cm;mso-para-margin-bottom:.0001pt;mso-pagination:widow-orphan;font-size:11.0pt;font-family:"Calibri","sans-serif";mso-ascii-font-family:Calibri;mso-ascii-theme-font:minor-latin;mso-fareast-font-family:"Times New Roman";mso-fareast-theme-font:minor-fareast;mso-hansi-font-family:Calibri;mso-hansi-theme-font:minor-latin;mso-bidi-font-family:"Times New Roman";mso-bidi-theme-font:minor-bidi;}</subfield>
  </datafield>
  <datafield tag="921" ind1=" " ind2=" ">
    <subfield code="a">11</subfield>
  </datafield>
  <datafield tag="922" ind1=" " ind2=" ">
    <subfield code="a">11</subfield>
  </datafield>
  <datafield tag="923" ind1=" " ind2=" ">
    <subfield code="a">0</subfield>
  </datafield>
  <datafield tag="924" ind1=" " ind2=" ">
    <subfield code="a">NO APLICA</subfield>
  </datafield>
  <datafield tag="942" ind1=" " ind2=" ">
    <subfield code="c">Tesis</subfield>
  </datafield>
  <datafield tag="999" ind1=" " ind2=" ">
    <subfield code="c">562</subfield>
    <subfield code="d">562</subfield>
  </datafield>
</record>
